Las cosas de cada día / (Registro nro. 12289)

Detalles MARC
000 -LIDER
fixed length control field 00794nam a22002297a 4500
001 - NÚMERO DE CONTROL
Identificador de número de control 0205684012
003 - IDENTIFICACDOR DE NÚMERO DE CONTROL
control field DO-SdBNP
005 - DATE AND TIME OF LATEST TRANSACTION
control field 20180219104809.0
007 - CAMPOS FIJOS DE DESCRIPCIÓN FÍSICA
fixed length control field 0205684012
008 - ELEMENTOS DE LONGITUD FIJA
fixed length control field 161206b 1991 sp a ||||| |||| 00| 0 spa d
020 ## - ISBN
International Standard Book Number 842412085X
040 ## - FUENTE DE CATALOGACIÓN
Agencia que crea de manera original el registro BPMSU
Idioma de catalogación spa
Agencia que realiza la transcripción BPMSU
240 1# - TITULO UNIFORME
Título uniforme Tell me about-- everyday things and how they work.
Idioma de una obra Español.
245 10 - MENCIÓN DE TITULO
Título Las cosas de cada día /
Mención de responsabilidad coordinador de la enciclopedia, Jackie Gaff ; traducción y realización, Luis Ogg, Susana Constante y Alejo Torres.
260 ## - PUBLICACIÓN, DISTRIBUCIÓN, ETC. (PIE DE IMPRENTA)
Lugar de publicación, distribución, etc Madrid :
Nombre del editor, distribuidor, etc. Everest,
Fecha de publicación, distribución, etc 1993.
300 ## - DESCRIPCIÓN FÍSICA
Extensión 40 p. :
Otros detalles físicos il. ;
Dimensiones 27 cm.
490 1# - MENCIÓN DE SERIES
Mención de serie Preguntas y respuestas
Volume/sequential designation 5
830 #0 - ASIENTO SECUNDARIO DE SERIE--TÍTULO UNIFORME
Título uniforme Preguntas y respuestas
Volume number/sequential designation 5
942 ## - ADDED ENTRY ELEMENTS (KOHA)
Source of classification or shelving scheme Dewey Decimal Classification
Koha item type Libros
945 ## - INFORMACIÓN DE PROCESAMIENTO LOCAL
Información de procesamiento local Inventariado, 2018/MFF
956 ## - LOCAL ELECTRONIC LOCATION AND ACCESS (OCLC)
Método de acceso LOPEREZ
Materiales especificados 10
Enlace 20161206
Campo enlazado y núm. de secuencia BPMSU
Nombre de host 00041
Existencias
Withdrawn status Lost status Source of classification or shelving scheme Damaged status Not for loan Collection code Home library Current library Date acquired Source of acquisition Total Checkouts Barcode Date last seen Price effective from Koha item type
    Dewey Decimal Classification     Colección Infantil General Biblioteca Pública Metropolitana Salomé Ureña Biblioteca Pública Metropolitana Salomé Ureña 12/06/2016 Sin sellar   BPMSU16120135 12/06/2016 12/06/2016 Libros